| 000 | 00396cam a2200169ua 4500 | ||
|---|---|---|---|
| 020 | _c6.00 | ||
| 041 |
_aeng _h |
||
| 082 |
_a624.2 _bSHA/TE |
||
| 100 | _aShahane, . | ||
| 245 |
_aText book of bridges / _cShahane. _hTextual Documents |
||
| 260 |
_aMumbai : _bEngineering Book Co. , _c1960. |
||
| 300 | _a270 ; . | ||
| 365 | _a6.00 | ||
| 504 | _a | ||
| 942 | _cBK | ||
| 999 |
_c3283 _d3283 |
||